Time Management (Record no. 344459)
[ view plain ]
| 000 -LEADER | |
|---|---|
| fixed length control field | 00428 a2200145 4500 |
| 020 ## - INTERNATIONAL STANDARD BOOK NUMBER | |
| International Standard Book Number | 9812548513 |
| 024 ## - OTHER STANDARD IDENTIFIER | |
| Standard number or code | 9789812548511 |
| 082 ## - DEWEY DECIMAL CLASSIFICATION NUMBER | |
| Classification number | 650.1 |
| 090 ## - LOCALLY ASSIGNED LC-TYPE CALL NUMBER (OCLC); LOCAL CALL NUMBER (RLIN) | |
| -- | 1955 |
| -- | 1955 |
| 100 ## - MAIN ENTRY--PERSONAL NAME | |
| Personal name | Moss, Geofrey. |
| 245 ## - TITLE STATEMENT | |
| Title | Time Management |
| Remainder of title | Guidelines, Checklists and Golden Rules for Managing Yourself |
| Statement of responsibility, etc. | Geoffrey Moss |
| 260 ## - PUBLICATION, DISTRIBUTION, ETC. | |
| Place of publication, distribution, etc. | New Delhi, India |
| Name of publisher, distributor, etc. | Vijay Nicole Private Limited |
| Date of publication, distribution, etc. | 2004 |
| 300 ## - PHYSICAL DESCRIPTION | |
| Extent | 201 |
| 942 ## - ADDED ENTRY ELEMENTS (KOHA) | |
| Institution code [OBSOLETE] | NBS |
| Koha item type | Book |
| Call number prefix | 650.1 MOS |
| Withdrawn status | Lost status | Source of classification or shelving scheme | Damaged status | Not for loan | Collection code | Permanent Location | Current Location | Shelving location | Date acquired | Total Checkouts | Full call number | Barcode | Date last seen | Date last checked out | Price effective from | Koha item type |
|---|---|---|---|---|---|---|---|---|---|---|---|---|---|---|---|---|
| Central Library (CL) | Central Library (CL) | General Stacks | 08/28/2013 | 1 | 650.4093 MOS | NBS5639 | 01/26/2026 | 10/05/2025 | 08/28/2013 | Book | ||||||
| Central Library (CL) | Central Library (CL) | General Stacks | 09/27/2016 | 650.4093 MOS 2004 | NBSP-190 | 09/27/2016 | 09/27/2016 | Book |
